Bài tập Hình học 11

Bài tập Hình học 11 bao gồm các bài về: phép dời hình và phép đồng dạng trong mặt phẳng, đường thẳng và mặt phẳng trong không gian và quan hệ song song, vectơ trong không gian quan hệ vuông góc trong không gian....

Ausführliche Beschreibung

Gespeichert in:
Bibliographische Detailangaben
1. Verfasser: Nguyễn, Mộng Hy
Format: Buch
Sprache:Undetermined
Veröffentlicht: Hà Nội Giáo dục 2009
Schlagworte:
Tags: Tag hinzufügen
Keine Tags, Fügen Sie den ersten Tag hinzu!
Thư viện lưu trữ: Trung tâm Học liệu Trường Đại học Cần Thơ
LEADER 01017nam a2200217Ia 4500
001 CTU_157838
008 210402s9999 xx 000 0 und d
020 |c 8900 
082 |a 516.00712 
082 |b H600/L.11 
100 |a Nguyễn, Mộng Hy 
245 0 |a Bài tập Hình học 11 
245 0 |c Nguyễn Mộng Hy (Chủ biên), Khu Quốc Anh, Nguyễn Hà Thành 
260 |a Hà Nội 
260 |b Giáo dục 
260 |c 2009 
520 |a Bài tập Hình học 11 bao gồm các bài về: phép dời hình và phép đồng dạng trong mặt phẳng, đường thẳng và mặt phẳng trong không gian và quan hệ song song, vectơ trong không gian quan hệ vuông góc trong không gian. 
650 |a Geometry 
650 |x Study and teaching (Secondary),Problems, exercises 
904 |i Bạch Trúc (Tuyến sửa số 516.0712 thành 516.00712) 
980 |a Trung tâm Học liệu Trường Đại học Cần Thơ